000 00476nam a22001937a 4500
003 MPLRDC
005 20220104143658.0
008 210129b ||||| |||| 00| 0 eng d
020 _a7-5068-0797-1
082 _a811.9 FQJ
100 _a费泉京 主编
245 _a中外名人演讲精粹
_c
250 _a一版一刷
260 _a
_b中国书籍出版社
_c1999
300 _b
490 _a世界著名演说
650 _a演讲术
942 _cBK
_o811.9 FQJ
999 _c42275
_d42265